| 000 | 00335nam a2200133Ia 4500 | ||
|---|---|---|---|
| 008 | 220217s9999||||xx |||||||||||||| ||und|| | ||
| 020 | _a. | ||
| 082 | _a894.814 1 PUT | ||
| 100 |
_aPuttappa, Patila _93669 |
||
| 245 | 0 | _aKarnatakada kathe | |
| 260 |
_aSBS publishers _bBangalore _c1991 |
||
| 300 | _b40 | ||
| 650 | _aGENERAL BOOKS | ||
| 999 |
_c172390 _d172390 |
||